000
00286nam a22001337a 4500
008
170414b xxu||||| |||| 00| 0 eng d
020
_a
0878574662
041
_a
eng
080
_a
612.39
100
_a
10
101
_a
SHM
245
_a
HEALTHY COOKING
_c
HYLTON, W.H
942
_2
udc
_c
BK
999
_c
10787
_d
10787